Fundamentals of renewable energy and green technologies (Record no. 395734)

MARC details
000 -LEADER
fixed length control field 00537 a2200193 4500
005 - DATE & TIME
control field 20260202163344.0
008 - FIXED-LENGTH DATA ELEMENTS--GENERAL INFORMATION
fixed length control field 260130b |||||||| |||| 00| 0 eng d
020 ## - ISBN
International Standard Book Number 9789359196602
Price Rs. 3495.00
040 ## - CATALOGING SOURCE
Original cataloging agency VIVEKANANDA LIBRARY
082 ## - DDC NUMBER
Classification number 333.792
Book Number G959F
100 ## - MAIN ENTRY--PERSONAL NAME
Personal name Gupta, S K
245 ## - TITLE STATEMENT
Title Fundamentals of renewable energy and green technologies
260 ## - PUBLICATION, DISTRIBUTION, ETC. (IMPRINT)
Name of publisher, distributor, etc Daya Publishing House
Date of publication, distribution, etc 2024
Place of publication, distribution, etc New Delhi
300 ## - PHYSICAL DESCRIPTION
Pages xiii, 443
650 ## - Subject
Subject Environmental Science
650 ## - Subject
Subject Energy Sources
650 ## - Subject
Subject Green Technologies
942 ## - ADDED ENTRY ELEMENTS (KOHA)
Koha item type Books
Holdings
Withdrawn status Lost status Source of classification or shelving scheme Damaged status Not for loan Location (home branch) Sublocation or collection (holding branch) Shelving location Date acquired Koha issues (times borrowed) Koha full call number Accession No. Koha date last seen Koha item type
    Dewey Decimal Classification     VIVEKANANDA LIBRARY VIVEKANANDA LIBRARY Vivekananda Library 07/01/2026   333.792 G959F 444010 07/01/2026 Books
© Designed and Maintained by Vivekananda Library, MDU Rohtak